| 000 | 00580nam a2200205 a 4500 | ||
|---|---|---|---|
| 005 | 20140311163011.0 | ||
| 008 | 060718s19uu xx 00 eng d | ||
| 020 | _a0781747570 | ||
| 050 |
_aRC 112 _b.H26 2001 |
||
| 245 |
_aHandbook of infectious diseases / _cforeword by David L. Longworth, |
||
| 260 |
_aPennsylvania : _bSpringhouse Corporation, _c2001. |
||
| 300 |
_a598 p. : _b20 cm. |
||
| 521 | _aNUR | ||
| 650 |
_aCommunicable diseases _xHandbooks, manuals, etc. |
||
| 942 |
_cBK _2lcc _kFOR |
||
| 999 |
_c39376 _d39376 |
||